000 00730nam a2200241 i 4500
001 C2-0275227
003 PPAK
005 20180728004052.0
008 061016s2004 nyua|||| ||||| | eng d
020 _a074327699X
040 _aPPAK
_beng
_cPPAK
_erda
082 0 4 _a973.93092
_223
090 0 0 _a973.93092
_bGER
_dLCK
100 1 _aGerhart, Ann,
_eauthor
245 1 4 _aThe perfect wife :
_bthe life and choices of Laura Bush
264 1 _aNew York :
_bSimon & Schuster Paperbacks ,
_c2004
300 _a218 pages :
_billustrations ;
_c21 cm
336 _2rdacontent
_atext
337 _2rdamedia
_aunmediated
338 _2rdacarrier
_avolume
650 1 0 _aPresidents' spouses - United States - Biography.
942 _ddc
_cB
999 _c82914
_d82914